[Event "DVM U12 2022"]
[Site "München GER"]
[Date "2022.12.27"]
[Round "2"]
[White "Kulkovets, Roman"]
[Black "Zielke, Constantin"]
[Result "1/2-1/2"]
[Termination "normal"]
[Board "7.1"]
[WhiteElo "1509"]
[BlackElo "1342"]
[WhiteClock "01:43:36"]
[BlackClock "01:03:55"]
[WhiteTeam "Heilbronner SV"]
[BlackTeam "SG Turm Leipzig"]
[PlyCount "145"]
[WhiteFideId "34119272"]
[BlackFideId "34640576"]
[EventCountry "GER"]
[EventRounds "7"]
[EventType "team-swiss"]
[EventDate "2022.12.26"]

1. e4 {[%clk 01:30:58]} {[%emt 00:00:02]} e5 {[%clk 01:30:57]} {[%emt
00:00:03]} 2. Nf3 {[%clk 01:31:20]} {[%emt 00:00:07]} Nc6 {[%clk 01:31:25]}
{[%emt 00:00:03]} 3. Bc4 {[%clk 01:31:44]} {[%emt 00:00:05]} Bc5 {[%clk
01:31:47]} {[%emt 00:00:08]} 4. c3 {[%clk 01:32:09]} {[%emt 00:00:04]} Nf6
{[%clk 01:31:53]} {[%emt 00:00:24]} 5. d4 {[%clk 01:32:33]} {[%emt 00:00:06]}
exd4 {[%clk 01:32:15]} {[%emt 00:00:08]} 6. cxd4 {[%clk 01:32:57]} {[%emt
00:00:07]} Bb4 {[%clk 01:32:23]} {[%emt 00:00:23]} 7. Bd2 {[%clk 01:33:21]}
{[%emt 00:00:06]} Bxd2 {[%clk 01:32:33]} {[%emt 00:00:19]} 8. Nbxd2 {[%clk
01:33:42]} {[%emt 00:00:09]} d5 {[%clk 01:32:51]} {[%emt 00:00:11]} 9. exd5
{[%clk 01:34:07]} {[%emt 00:00:06]} Nxd5 {[%clk 01:33:14]} {[%emt 00:00:07]}
10. O-O {[%clk 01:34:29]} {[%emt 00:00:09]} O-O {[%clk 01:33:28]} {[%emt
00:00:16]} 11. Re1 {[%clk 01:34:14]} {[%emt 00:00:44]} Bg4 {[%clk 01:33:33]}
{[%emt 00:00:25]} 12. h3 {[%clk 01:34:30]} {[%emt 00:00:14]} Bh5 {[%clk
01:33:52]} {[%emt 00:00:11]} 13. Qc2 {[%clk 01:34:49]} {[%emt 00:00:10]} Bg6
{[%clk 01:33:18]} {[%emt 00:01:04]} 14. Qb3 {[%clk 01:34:56]} {[%emt 00:00:25]}
Na5 {[%clk 01:33:34]} {[%emt 00:00:14]} 15. Qa4 {[%clk 01:35:23]} {[%emt
00:00:02]} Nc6 {[%clk 01:33:57]} {[%emt 00:00:07]} 16. Qb3 {[%clk 01:33:38]}
{[%emt 00:02:15]} Na5 {[%clk 01:34:19]} {[%emt 00:00:08]} 17. Qb5 {[%clk
01:34:02]} {[%emt 00:00:06]} c6 {[%clk 01:34:35]} {[%emt 00:00:15]} 18. Qc5
{[%clk 01:34:27]} {[%emt 00:00:05]} Nxc4 {[%clk 01:33:40]} {[%emt 00:01:25]}
19. Nxc4 {[%clk 01:34:45]} {[%emt 00:00:12]} b6 {[%clk 01:33:20]} {[%emt
00:00:50]} 20. Qa3 {[%clk 01:34:48]} {[%emt 00:00:27]} Re8 {[%clk 01:31:57]}
{[%emt 00:01:52]} 21. Nd6 {[%clk 01:34:56]} {[%emt 00:00:23]} Rxe1 {[%clk
01:32:03]} {[%emt 00:00:25]} 22. Rxe1 {[%clk 01:35:17]} {[%emt 00:00:09]} Qd7
{[%clk 01:30:45]} {[%emt 00:01:46]} 23. Ne5 {[%clk 01:35:21]} {[%emt 00:00:27]}
Qc7 {[%clk 01:30:13]} {[%emt 00:01:00]} 24. Rc1 {[%clk 01:34:55]} {[%emt
00:00:58]} Qe7 {[%clk 01:28:31]} {[%emt 00:02:12]} 25. Nxc6 {[%clk 01:34:56]}
{[%emt 00:00:30]} Qg5 {[%clk 01:27:57]} {[%emt 00:00:51]} 26. Re1 {[%clk
01:34:17]} {[%emt 00:01:20]} h6 {[%clk 01:26:04]} {[%emt 00:02:24]} 27. Re5
{[%clk 01:34:22]} {[%emt 00:00:25]} Qc1 {[%clk 01:26:11]} {[%emt 00:00:25]} 28.
Kh2 {[%clk 01:34:50]} {[%emt 00:00:01]} Qxc6 {[%clk 01:26:25]} {[%emt
00:00:17]} 29. Qg3 {[%clk 01:34:58]} {[%emt 00:00:21]} Rd8 {[%clk 01:25:57]}
{[%emt 00:00:55]} 30. Nf5 {[%clk 01:35:03]} {[%emt 00:00:28]} Bxf5 {[%clk
01:25:16]} {[%emt 00:01:10]} 31. Rxf5 {[%clk 01:35:24]} {[%emt 00:00:11]} Qg6
{[%clk 01:24:15]} {[%emt 00:01:27]} 32. Qf3 {[%clk 01:34:45]} {[%emt 00:01:12]}
Ne7 {[%clk 01:21:39]} {[%emt 00:03:05]} 33. Re5 {[%clk 01:34:58]} {[%emt
00:00:18]} Nc6 {[%clk 01:21:31]} {[%emt 00:00:36]} 34. Rd5 {[%clk 01:35:12]}
{[%emt 00:00:18]} Rxd5 {[%clk 01:20:47]} {[%emt 00:01:13]} 35. Qxd5 {[%clk
01:35:34]} {[%emt 00:00:08]} Nb4 {[%clk 01:20:00]} {[%emt 00:01:13]} 36. Qc4
{[%clk 01:35:40]} {[%emt 00:00:28]} Nd3 {[%clk 01:19:46]} {[%emt 00:00:44]} 37.
Qc2 {[%clk 01:35:40]} {[%emt 00:00:30]} Qd6 {[%clk 01:19:31]} {[%emt 00:00:43]}
38. g3 {[%clk 01:36:00]} {[%emt 00:00:12]} Qxd4 {[%clk 01:19:39]} {[%emt
00:00:22]} 39. Qc8 {[%clk 01:36:28]} {[%emt 00:00:03]} Kh7 {[%clk 01:19:31]}
{[%emt 00:00:38]} 40. Qf5 {[%clk 01:36:55]} {[%emt 00:00:02]} Kg8 {[%clk
01:19:14]} {[%emt 00:00:47]} 41. Qc8 {[%clk 01:37:23]} {[%emt 00:00:03]} Kh7
{[%clk 01:19:34]} {[%emt 00:00:10]} 42. Qf5 {[%clk 01:37:47]} {[%emt 00:00:06]}
g6 {[%clk 01:19:58]} {[%emt 00:00:06]} 43. Qxf7 {[%clk 01:38:09]} {[%emt
00:00:08]} Qg7 {[%clk 01:20:18]} {[%emt 00:00:10]} 44. Qd5 {[%clk 01:38:29]}
{[%emt 00:00:10]} Nxb2 {[%clk 01:19:45]} {[%emt 00:01:03]} 45. f4 {[%clk
01:38:13]} {[%emt 00:00:46]} Na4 {[%clk 01:19:46]} {[%emt 00:00:29]} 46. g4
{[%clk 01:37:23]} {[%emt 00:01:20]} Qc7 {[%clk 01:16:57]} {[%emt 00:03:18]} 47.
Kg3 {[%clk 01:36:53]} {[%emt 00:01:00]} Qc3 {[%clk 01:17:01]} {[%emt 00:00:23]}
48. Kh2 {[%clk 01:37:04]} {[%emt 00:00:22]} Qc2 {[%clk 01:16:10]} {[%emt
00:01:01]} 49. Kg3 {[%clk 01:37:22]} {[%emt 00:00:32]} Qc3 {[%clk 01:16:28]}
{[%emt 00:00:11]} 50. Kh2 {[%clk 01:37:47]} {[%emt 00:00:07]} Qc7 {[%clk
01:16:37]} {[%emt 00:00:19]} 51. Kg3 {[%clk 01:38:09]} {[%emt 00:00:10]} Nc3
{[%clk 01:17:00]} {[%emt 00:00:08]} 52. Qg2 {[%clk 01:38:20]} {[%emt 00:00:18]}
g5 {[%clk 01:16:00]} {[%emt 00:01:30]} 53. Qc2 {[%clk 01:38:36]} {[%emt
00:00:14]} Kg7 {[%clk 01:15:51]} {[%emt 00:00:39]} 54. Kg2 {[%clk 01:38:39]}
{[%emt 00:00:27]} Qc6 {[%clk 01:15:55]} {[%emt 00:00:26]} 55. Kh2 {[%clk
01:38:34]} {[%emt 00:00:35]} gxf4 {[%clk 01:15:58]} {[%emt 00:00:28]} 56. Qd2
{[%clk 01:38:54]} {[%emt 00:00:10]} Qf6 {[%clk 01:13:16]} {[%emt 00:03:09]} 57.
Qd7 {[%clk 01:39:15]} {[%emt 00:00:11]} Kg6 {[%clk 01:11:58]} {[%emt 00:01:46]}
58. Qd3 {[%clk 01:39:36]} {[%emt 00:00:11]} Kf7 {[%clk 01:11:52]} {[%emt
00:00:28]} 59. Qc4 {[%clk 01:39:37]} {[%emt 00:00:37]} Kg7 {[%clk 01:11:23]}
{[%emt 00:00:58]} 60. Qd3 {[%clk 01:39:19]} {[%emt 00:00:48]} Nxa2 {[%clk
01:09:45]} {[%emt 00:02:08]} 61. Qd7 {[%clk 01:39:37]} {[%emt 00:00:12]} Qf7
{[%clk 01:10:03]} {[%emt 00:00:10]} 62. Qd4 {[%clk 01:39:52]} {[%emt 00:00:16]}
Kg6 {[%clk 01:09:47]} {[%emt 00:00:46]} 63. Qe4 {[%clk 01:40:06]} {[%emt
00:00:16]} Kg5 {[%clk 01:07:24]} {[%emt 00:02:53]} 64. Qe5 {[%clk 01:40:22]}
{[%emt 00:00:14]} Kg6 {[%clk 01:02:13]} {[%emt 00:05:41]} 65. Qe4 {[%clk
01:40:41]} {[%emt 00:00:11]} Kg7 {[%clk 01:02:26]} {[%emt 00:00:16]} 66. Qd4
{[%clk 01:41:00]} {[%emt 00:00:11]} Kg8 {[%clk 01:02:22]} {[%emt 00:00:35]} 67.
Qd8 {[%clk 01:41:20]} {[%emt 00:00:10]} Qf8 {[%clk 01:02:46]} {[%emt 00:00:05]}
68. Qd5 {[%clk 01:41:44]} {[%emt 00:00:07]} Kh7 {[%clk 01:03:05]} {[%emt
00:00:11]} 69. Qe4 {[%clk 01:42:06]} {[%emt 00:00:07]} Kh8 {[%clk 01:03:08]}
{[%emt 00:00:27]} 70. Qe5 {[%clk 01:42:29]} {[%emt 00:00:08]} Qg7 {[%clk
01:03:25]} {[%emt 00:00:12]} 71. Qe8 {[%clk 01:42:51]} {[%emt 00:00:08]} Qg8
{[%clk 01:03:36]} {[%emt 00:00:19]} 72. Qe5 {[%clk 01:43:15]} {[%emt 00:00:07]}
Kh7 {[%clk 01:03:55]} {[%emt 00:00:11]} 73. Qe4 {[%clk 01:43:36]} {[%emt
00:00:09]} 1/2-1/2

[Event "DVM U12 2022"]
[Site "München GER"]
[Date "2022.12.27"]
[Round "2"]
[White "Rössler, Leo"]
[Black "Wolff, Calvin"]
[Result "1-0"]
[Termination "normal"]
[Board "7.2"]
[WhiteElo "1373"]
[BlackElo "1429"]
[WhiteClock "00:19:56"]
[BlackClock "00:13:27"]
[WhiteTeam "SG Turm Leipzig"]
[BlackTeam "Heilbronner SV"]
[PlyCount "79"]
[WhiteFideId "34640525"]
[BlackFideId "16269969"]
[EventCountry "GER"]
[EventRounds "7"]
[EventType "team-swiss"]
[EventDate "2022.12.26"]

1. e4 {[%clk 01:31:26]} {[%emt 00:00:04]} e5 {[%clk 01:31:03]} {[%emt
00:00:27]} 2. d4 {[%clk 01:31:17]} {[%emt 00:00:40]} exd4 {[%clk 01:31:00]}
{[%emt 00:00:33]} 3. Nf3 {[%clk 01:31:01]} {[%emt 00:00:46]} Nc6 {[%clk
01:30:16]} {[%emt 00:01:14]} 4. Nxd4 {[%clk 01:30:14]} {[%emt 00:01:16]} Bc5
{[%clk 01:30:18]} {[%emt 00:00:29]} 5. Be3 {[%clk 01:30:12]} {[%emt 00:00:33]}
Qf6 {[%clk 01:29:34]} {[%emt 00:01:14]} 6. c3 {[%clk 01:29:58]} {[%emt
00:00:44]} Nge7 {[%clk 01:26:46]} {[%emt 00:03:17]} 7. Qd2 {[%clk 01:28:28]}
{[%emt 00:02:00]} Bb6 {[%clk 01:24:10]} {[%emt 00:03:05]} 8. Na3 {[%clk
01:24:47]} {[%emt 00:04:11]} d6 {[%clk 01:19:57]} {[%emt 00:04:43]} 9. Nc4
{[%clk 01:18:35]} {[%emt 00:06:43]} Bd7 {[%clk 01:15:45]} {[%emt 00:04:42]} 10.
Bg5 {[%clk 01:14:57]} {[%emt 00:04:08]} Qg6 {[%clk 01:14:46]} {[%emt 00:01:30]}
11. f3 {[%clk 01:03:00]} {[%emt 00:12:27]} f6 {[%clk 01:06:25]} {[%emt
00:08:50]} 12. Be3 {[%clk 00:58:51]} {[%emt 00:04:38]} Ne5 {[%clk 01:04:38]}
{[%emt 00:02:16]} 13. O-O-O {[%clk 00:50:53]} {[%emt 00:08:29]} c6 {[%clk
00:59:08]} {[%emt 00:06:00]} 14. Nb3 {[%clk 00:46:20]} {[%emt 00:05:02]} O-O
{[%clk 00:43:43]} {[%emt 00:15:56]} 15. Bxb6 {[%clk 00:45:38]} {[%emt
00:01:12]} axb6 {[%clk 00:42:46]} {[%emt 00:01:28]} 16. Nxe5 {[%clk 00:45:27]}
{[%emt 00:00:41]} fxe5 {[%clk 00:42:36]} {[%emt 00:00:40]} 17. Qxd6 {[%clk
00:44:24]} {[%emt 00:01:33]} Qg5 {[%clk 00:39:20]} {[%emt 00:03:46]} 18. Kb1
{[%clk 00:43:04]} {[%emt 00:01:49]} Be8 {[%clk 00:36:55]} {[%emt 00:02:55]} 19.
Bc4 {[%clk 00:41:28]} {[%emt 00:02:07]} Bf7 {[%clk 00:36:32]} {[%emt 00:00:53]}
20. Bxf7 {[%clk 00:40:04]} {[%emt 00:01:54]} Rxf7 {[%clk 00:36:48]} {[%emt
00:00:14]} 21. Rhg1 {[%clk 00:37:37]} {[%emt 00:02:56]} Ng6 {[%clk 00:36:22]}
{[%emt 00:00:56]} 22. Qb4 {[%clk 00:34:34]} {[%emt 00:03:33]} Qe3 {[%clk
00:31:16]} {[%emt 00:05:36]} 23. Qc4 {[%clk 00:32:02]} {[%emt 00:03:02]} Raf8
{[%clk 00:29:16]} {[%emt 00:02:30]} 24. Rge1 {[%clk 00:31:59]} {[%emt
00:00:32]} Qf2 {[%clk 00:26:24]} {[%emt 00:03:24]} 25. Re2 {[%clk 00:32:12]}
{[%emt 00:00:17]} Qh4 {[%clk 00:25:40]} {[%emt 00:01:13]} 26. Rd7 {[%clk
00:31:29]} {[%emt 00:01:13]} Nf4 {[%clk 00:23:38]} {[%emt 00:02:32]} 27. Rxf7
{[%clk 00:30:39]} {[%emt 00:01:21]} Rxf7 {[%clk 00:23:35]} {[%emt 00:00:33]}
28. g3 {[%clk 00:30:55]} {[%emt 00:00:13]} b5 {[%clk 00:22:16]} {[%emt
00:01:49]} 29. Qc5 {[%clk 00:29:21]} {[%emt 00:02:04]} Qd8 {[%clk 00:19:58]}
{[%emt 00:02:48]} 30. gxf4 {[%clk 00:29:29]} {[%emt 00:00:23]} Qd3 {[%clk
00:19:55]} {[%emt 00:00:33]} 31. Rc2 {[%clk 00:29:29]} {[%emt 00:00:29]} Qxf3
{[%clk 00:17:06]} {[%emt 00:03:20]} 32. Qxe5 {[%clk 00:29:34]} {[%emt
00:00:25]} Rxf4 {[%clk 00:16:39]} {[%emt 00:00:57]} 33. Nc5 {[%clk 00:25:21]}
{[%emt 00:04:42]} b6 {[%clk 00:16:09]} {[%emt 00:01:00]} 34. Ne6 {[%clk
00:23:16]} {[%emt 00:02:36]} Qd1 {[%clk 00:16:04]} {[%emt 00:00:35]} 35. Rc1
{[%clk 00:23:20]} {[%emt 00:00:24]} Qd3 {[%clk 00:16:28]} {[%emt 00:00:07]} 36.
Ka1 {[%clk 00:23:29]} {[%emt 00:00:21]} Rg4 {[%clk 00:15:23]} {[%emt 00:01:35]}
37. Qf5 {[%clk 00:23:12]} {[%emt 00:00:47]} h5 {[%clk 00:14:38]} {[%emt
00:01:15]} 38. Ng5 {[%clk 00:19:42]} {[%emt 00:04:00]} Rxg5 {[%clk 00:13:27]}
{[%emt 00:01:42]} 39. Qxg5 {[%clk 00:19:56]} {[%emt 00:00:16]} Qxe4 {[%clk
00:13:27]} {[%emt 00:00:29]} 40. Rg1 {[%emt 00:05:07]} 1-0

[Event "DVM U12 2022"]
[Site "München GER"]
[Date "2022.12.27"]
[Round "2"]
[White "Arndt, Niklas"]
[Black "Sosnicki, Adrian"]
[Result "0-1"]
[Termination "normal"]
[Board "7.3"]
[WhiteElo "1171"]
[BlackElo "1132"]
[WhiteClock "01:12:59"]
[BlackClock "01:13:13"]
[WhiteTeam "Heilbronner SV"]
[BlackTeam "SG Turm Leipzig"]
[PlyCount "100"]
[WhiteFideId "34640380"]
[BlackFideId "34640541"]
[EventCountry "GER"]
[EventRounds "7"]
[EventType "team-swiss"]
[EventDate "2022.12.26"]

1. e4 {[%clk 01:30:58]} {[%emt 00:00:01]} d5 {[%clk 01:30:58]} {[%emt
00:00:02]} 2. Nc3 {[%clk 01:31:08]} {[%emt 00:00:20]} d4 {[%clk 01:30:40]}
{[%emt 00:00:49]} 3. Nce2 {[%clk 01:30:01]} {[%emt 00:01:36]} e5 {[%clk
01:30:30]} {[%emt 00:00:40]} 4. Nf3 {[%clk 01:30:08]} {[%emt 00:00:23]} Nc6
{[%clk 01:30:48]} {[%emt 00:00:12]} 5. Ng3 {[%clk 01:30:00]} {[%emt 00:00:38]}
Bg4 {[%clk 01:30:28]} {[%emt 00:00:50]} 6. h3 {[%clk 01:30:21]} {[%emt
00:00:09]} Be6 {[%clk 01:30:34]} {[%emt 00:00:24]} 7. Bb5 {[%clk 01:30:23]}
{[%emt 00:00:28]} Bd6 {[%clk 01:29:36]} {[%emt 00:01:28]} 8. d3 {[%clk
01:29:55]} {[%emt 00:00:58]} Qd7 {[%clk 01:29:16]} {[%emt 00:00:50]} 9. Bd2
{[%clk 01:28:17]} {[%emt 00:02:08]} a6 {[%clk 01:28:08]} {[%emt 00:01:39]} 10.
Ba4 {[%clk 01:28:22]} {[%emt 00:00:25]} b5 {[%clk 01:28:22]} {[%emt 00:00:16]}
11. Bb3 {[%clk 01:28:27]} {[%emt 00:00:24]} Nf6 {[%clk 01:28:42]} {[%emt
00:00:10]} 12. c3 {[%clk 01:28:25]} {[%emt 00:00:32]} O-O {[%clk 01:28:11]}
{[%emt 00:01:01]} 13. cxd4 {[%clk 01:26:49]} {[%emt 00:02:06]} exd4 {[%clk
01:28:32]} {[%emt 00:00:10]} 14. O-O {[%clk 01:26:50]} {[%emt 00:00:29]} Ne5
{[%clk 01:26:42]} {[%emt 00:02:20]} 15. Nxd4 {[%clk 01:24:55]} {[%emt
00:02:23]} Nxd3 {[%clk 01:27:01]} {[%emt 00:00:13]} 16. Bg5 {[%clk 01:24:19]}
{[%emt 00:01:04]} Nxb2 {[%clk 01:26:40]} {[%emt 00:00:53]} 17. Qe2 {[%clk
01:22:53]} {[%emt 00:01:53]} Bxg3 {[%clk 01:25:32]} {[%emt 00:01:42]} 18. Qxb2
{[%clk 01:22:25]} {[%emt 00:00:57]} Be5 {[%clk 01:25:49]} {[%emt 00:00:13]} 19.
Rfd1 {[%clk 01:22:24]} {[%emt 00:00:30]} c5 {[%clk 01:25:25]} {[%emt 00:00:55]}
20. Nxe6 {[%clk 01:21:47]} {[%emt 00:01:06]} Qxd1 {[%clk 01:19:15]} {[%emt
00:06:41]} 21. Rxd1 {[%clk 01:20:17]} {[%emt 00:02:00]} Bxb2 {[%clk 01:19:36]}
{[%emt 00:00:09]} 22. Nxf8 {[%clk 01:19:56]} {[%emt 00:00:50]} Rxf8 {[%clk
01:19:16]} {[%emt 00:00:50]} 23. Bd5 {[%clk 01:18:39]} {[%emt 00:01:46]} Nxd5
{[%clk 01:17:32]} {[%emt 00:02:16]} 24. exd5 {[%clk 01:18:53]} {[%emt
00:00:16]} f6 {[%clk 01:17:49]} {[%emt 00:00:12]} 25. Be3 {[%clk 01:18:54]}
{[%emt 00:00:29]} c4 {[%clk 01:17:47]} {[%emt 00:00:34]} 26. d6 {[%clk
01:17:58]} {[%emt 00:01:25]} Rd8 {[%clk 01:17:58]} {[%emt 00:00:19]} 27. d7
{[%clk 01:17:01]} {[%emt 00:01:27]} c3 {[%clk 01:17:30]} {[%emt 00:00:58]} 28.
Bb6 {[%clk 01:17:02]} {[%emt 00:00:29]} c2 {[%clk 01:17:50]} {[%emt 00:00:10]}
29. Re1 {[%clk 01:17:11]} {[%emt 00:00:20]} Rxd7 {[%clk 01:17:49]} {[%emt
00:00:32]} 30. Be3 {[%clk 01:16:44]} {[%emt 00:00:56]} f5 {[%clk 01:16:59]}
{[%emt 00:01:21]} 31. g3 {[%clk 01:16:39]} {[%emt 00:00:35]} h6 {[%clk
01:16:46]} {[%emt 00:00:43]} 32. Kf1 {[%clk 01:16:02]} {[%emt 00:01:06]} g5
{[%clk 01:16:26]} {[%emt 00:00:52]} 33. Kg2 {[%clk 01:15:25]} {[%emt 00:01:06]}
Rd1 {[%clk 01:16:03]} {[%emt 00:00:52]} 34. Re2 {[%clk 01:15:21]} {[%emt
00:00:34]} c1=Q {[%emt 00:01:08]} 35. Bxc1 {[%clk 01:15:39]} {[%emt 00:00:09]}
Bxc1 {[%clk 01:15:50]} {[%emt 00:00:09]} 36. Re6 {[%clk 01:15:05]} {[%emt
00:01:04]} Rd2 {[%clk 01:15:54]} {[%emt 00:00:23]} 37. Rxh6 {[%clk 01:15:00]}
{[%emt 00:00:37]} Rxa2 {[%clk 01:16:04]} {[%emt 00:00:21]} 38. Rf6 {[%clk
01:14:52]} {[%emt 00:00:37]} f4 {[%clk 01:16:08]} {[%emt 00:00:27]} 39. gxf4
{[%clk 01:15:07]} {[%emt 00:00:13]} gxf4 {[%clk 01:16:01]} {[%emt 00:00:38]}
40. Kf3 {[%clk 01:14:52]} {[%emt 00:00:44]} b4 {[%clk 01:15:53]} {[%emt
00:00:40]} 41. Kg4 {[%clk 01:14:47]} {[%emt 00:00:35]} Rxf2 {[%clk 01:15:51]}
{[%emt 00:00:32]} 42. Kg5 {[%clk 01:14:24]} {[%emt 00:00:52]} b3 {[%clk
01:14:43]} {[%emt 00:01:38]} 43. Kg6 {[%clk 01:14:21]} {[%emt 00:00:33]} Rg2
{[%clk 01:14:17]} {[%emt 00:00:56]} 44. Kf5 {[%clk 01:14:15]} {[%emt 00:00:35]}
b2 {[%clk 01:14:39]} {[%emt 00:00:10]} 45. Rb6 {[%clk 01:14:27]} {[%emt
00:00:18]} f3 {[%clk 01:13:33]} {[%emt 00:01:35]} 46. Kf6 {[%clk 01:12:21]}
{[%emt 00:02:36]} Bg5 {[%clk 01:13:15]} {[%emt 00:00:49]} 47. Kg6 {[%clk
01:12:23]} {[%emt 00:00:27]} Bd8 {[%clk 01:13:25]} {[%emt 00:00:21]} 48. Kh6
{[%clk 01:12:30]} {[%emt 00:00:22]} Bxb6 {[%clk 01:13:01]} {[%emt 00:00:54]}
49. h4 {[%clk 01:12:43]} {[%emt 00:00:17]} b1=Q {[%clk 01:12:55]} {[%emt
00:00:37]} 50. h5 {[%clk 01:12:59]} {[%emt 00:00:13]} Be3# {[%clk 01:13:13]}
{[%emt 00:00:12]} 0-1

[Event "DVM U12 2022"]
[Site "München GER"]
[Date "2022.12.27"]
[Round "2"]
[White "Obermair, Hannes"]
[Black "Mast, Noah Ben"]
[Result "0-1"]
[Termination "normal"]
[Board "7.4"]
[WhiteElo "1212"]
[BlackElo "1122"]
[WhiteClock "00:38:07"]
[BlackClock "01:21:47"]
[WhiteTeam "SG Turm Leipzig"]
[BlackTeam "Heilbronner SV"]
[PlyCount "58"]
[WhiteFideId "34640509"]
[BlackFideId "34632042"]
[EventCountry "GER"]
[EventRounds "7"]
[EventType "team-swiss"]
[EventDate "2022.12.26"]

1. c4 {[%clk 01:30:55]} {[%emt 00:00:02]} e5 {[%clk 01:30:48]} {[%emt
00:00:13]} 2. Nc3 {[%clk 01:30:32]} {[%emt 00:00:52]} Bc5 {[%clk 01:30:55]}
{[%emt 00:00:24]} 3. g3 {[%clk 01:30:00]} {[%emt 00:00:59]} d6 {[%clk
01:30:54]} {[%emt 00:00:34]} 4. Bg2 {[%clk 01:29:40]} {[%emt 00:00:49]} a6
{[%clk 01:30:49]} {[%emt 00:00:35]} 5. e3 {[%clk 01:29:08]} {[%emt 00:01:01]}
Nf6 {[%clk 01:30:55]} {[%emt 00:00:25]} 6. Nge2 {[%clk 01:28:32]} {[%emt
00:01:06]} Nc6 {[%clk 01:30:51]} {[%emt 00:00:34]} 7. O-O {[%clk 01:27:16]}
{[%emt 00:01:46]} Bg4 {[%clk 01:30:22]} {[%emt 00:00:58]} 8. h3 {[%clk
01:25:46]} {[%emt 00:01:59]} Bh5 {[%clk 01:30:01]} {[%emt 00:00:53]} 9. d4
{[%clk 01:24:51]} {[%emt 00:01:24]} exd4 {[%clk 01:30:08]} {[%emt 00:00:24]}
10. exd4 {[%clk 01:21:15]} {[%emt 00:04:06]} Nxd4 {[%clk 01:30:01]} {[%emt
00:00:38]} 11. Bxb7 {[%clk 01:20:09]} {[%emt 00:01:34]} Rb8 {[%clk 01:29:26]}
{[%emt 00:01:07]} 12. Bg2 {[%clk 01:16:50]} {[%emt 00:03:48]} O-O {[%clk
01:29:20]} {[%emt 00:00:37]} 13. b3 {[%clk 01:12:04]} {[%emt 00:05:14]} Re8
{[%clk 01:29:26]} {[%emt 00:00:25]} 14. Be3 {[%clk 01:11:25]} {[%emt 00:01:09]}
Nxe2 {[%clk 01:28:57]} {[%emt 00:00:59]} 15. Nxe2 {[%clk 01:10:55]} {[%emt
00:00:59]} Bxe3 {[%clk 01:28:53]} {[%emt 00:00:35]} 16. fxe3 {[%clk 01:10:28]}
{[%emt 00:00:57]} Rxe3 {[%clk 01:28:48]} {[%emt 00:00:36]} 17. Re1 {[%clk
01:08:34]} {[%emt 00:02:22]} Qe7 {[%clk 01:28:10]} {[%emt 00:01:08]} 18. Kf2
{[%clk 01:05:35]} {[%emt 00:03:29]} Re8 {[%clk 01:28:09]} {[%emt 00:00:32]} 19.
Bf1 {[%clk 01:01:47]} {[%emt 00:04:19]} Ne4 {[%clk 01:25:46]} {[%emt 00:02:53]}
20. Kxe3 {[%clk 00:59:40]} {[%emt 00:02:36]} Nc3 {[%clk 01:26:07]} {[%emt
00:00:09]} 21. Kd2 {[%clk 00:57:30]} {[%emt 00:02:40]} Qe3 {[%clk 01:25:38]}
{[%emt 00:01:00]} 22. Kc2 {[%clk 00:57:01]} {[%emt 00:00:59]} Bg6 {[%clk
01:25:34]} {[%emt 00:00:35]} 23. Kb2 {[%clk 00:56:27]} {[%emt 00:01:01]} Nxd1
{[%clk 01:25:37]} {[%emt 00:00:28]} 24. Raxd1 {[%clk 00:56:06]} {[%emt
00:00:51]} Qe4 {[%clk 01:24:40]} {[%emt 00:01:25]} 25. Nd4 {[%clk 00:52:45]}
{[%emt 00:03:49]} Qa8 {[%clk 01:24:04]} {[%emt 00:01:08]} 26. Rxe8 {[%clk
00:47:23]} {[%emt 00:05:54]} Qxe8 {[%clk 01:24:13]} {[%emt 00:00:21]} 27. Rd2
{[%clk 00:46:26]} {[%emt 00:01:25]} Qe3 {[%clk 01:22:44]} {[%emt 00:01:57]} 28.
Kc1 {[%clk 00:38:44]} {[%emt 00:08:12]} Qe1 {[%clk 01:22:26]} {[%emt 00:00:52]}
29. Rd1 {[%clk 00:38:07]} {[%emt 00:01:07]} Qc3 {[%clk 01:21:47]} {[%emt
00:01:08]} 0-1